[Event "Olimpiada Calviá 2004"]
[Site "Calviá ESP"]
[Date "2004.10.28"]
[Round "13.9"]
[White "Bu, Xiangzhi"]
[Black "Ruck, Robert"]
[Result "1/2-1/2"]
[WhiteElo "2615"]
[BlackElo "2562"]
[PlyCount "44"]
[EventDate "2004.10.15"]
[EventType "team"]
[EventRounds "14"]
[EventCountry "ESP"]
[Source "lmi"]
[SourceDate "2004.10.27"]

1. d4 Nf6 2. c4 g6 3. Nc3 d5 4. cxd5 Nxd5 5. Na4 Bg7 6. e4 Nb6 7. Be3 O-O 8.
Nf3 Bg4 9. Be2 Nxa4 10. Qxa4 c5 11. Rd1 Bxf3 12. dxc5 Qc7 13. Bxf3 Bxb2 14. O-O
Nc6 15. Be2 Rfd8 16. Bb5 Rxd1 17. Rxd1 Rd8 18. Rxd8+ Qxd8 19. g3 Bd4 20. Bxc6
Bxe3 21. fxe3 bxc6 22. Qxc6 Qd1+ 1/2-1/2

[Event "Olimpiada Calviá 2004"]
[Site "Calviá ESP"]
[Date "2004.10.28"]
[Round "13.11"]
[White "Dizdarevic, Emir"]
[Black "Felgaer, Ruben"]
[Result "1/2-1/2"]
[WhiteElo "2538"]
[BlackElo "2569"]
[PlyCount "27"]
[EventDate "2004.10.15"]
[EventType "team"]
[EventRounds "14"]
[EventCountry "ESP"]
[Source "lmi"]
[SourceDate "2004.10.27"]

1. Nf3 c5 2. c4 Nc6 3. d4 cxd4 4. Nxd4 g6 5. e4 Nf6 6. Nc3 d6 7. Be2 Nxd4 8.
Qxd4 Bg7 9. Bg5 O-O 10. Qd2 Be6 11. Rc1 a6 12. f3 Qa5 13. b3 Rfc8 14. Nd5
1/2-1/2

[Event "Olimpiada Calviá 2004"]
[Site "Calviá ESP"]
[Date "2004.10.28"]
[Round "13.11"]
[White "Campora, Daniel H"]
[Black "Atalik, Suat"]
[Result "1/2-1/2"]
[WhiteElo "2549"]
[BlackElo "2541"]
[PlyCount "144"]
[EventDate "2004.10.15"]
[EventType "team"]
[EventRounds "14"]
[EventCountry "ESP"]
[Source "lmi"]
[SourceDate "2004.10.27"]

1. e4 e5 2. Nf3 Nc6 3. Nc3 Nf6 4. Bb5 Bb4 5. O-O O-O 6. d3 d6 7. Ne2 Ne7 8. c3
Ba5 9. Ng3 c6 10. Ba4 Ng6 11. d4 Re8 12. Bc2 h6 13. h3 Qe7 14. Re1 Qf8 15. a4
c5 16. d5 Nf4 17. Nd2 g6 18. Nc4 Bd8 19. a5 Bd7 20. Qf3 N4h5 21. Ba4 Nxg3 22.
Bxd7 Nxd7 23. Qxg3 Bf6 24. Qg4 Rad8 25. b4 h5 26. Qe2 cxb4 27. cxb4 a6 28. Be3
Rc8 29. Rec1 Qe7 30. Rc2 Rc7 31. Rac1 Rec8 32. Qd2 Kg7 33. Rc3 Bh4 34. g3 Bf6
35. h4 Kh7 36. Bb6 Nxb6 37. axb6 Rd7 38. Na5 Rxc3 39. Rxc3 Qd8 40. Qe3 Bg7 41.
Nc6 Qe8 42. Qd3 Bf6 43. Qc2 Kg7 44. Na5 Bd8 45. Rc8 Qe7 46. Nc6 bxc6 47. dxc6
Bxb6 48. cxd7 Qxd7 49. Kg2 Bc5 50. Ra8 Bxb4 51. Rxa6 Bc5 52. Qc4 Qb7 53. Ra2 f5
54. Re2 Bd4 55. Qe6 Bc5 56. Qc4 fxe4 57. Qxe4 Qxe4+ 58. Rxe4 Bd4 59. Re2 Kf6
60. Rc2 e4 61. Rc8 Bc5 62. f3 exf3+ 63. Kxf3 Bd4 64. g4 hxg4+ 65. Kxg4 Be3 66.
Re8 Bh6 67. Kf3 d5 68. Kg4 d4 69. Rd8 Be3 70. Rd6+ Kf7 71. Kf3 Kg7 72. Ke4 Bf2
1/2-1/2

[Event "Olimpiada Calviá 2004"]
[Site "Calviá ESP"]
[Date "2004.10.28"]
[Round "13.11"]
[White "Kurajica, Bojan"]
[Black "Ricardi, Pablo"]
[Result "1/2-1/2"]
[WhiteElo "2541"]
[BlackElo "2548"]
[PlyCount "40"]
[EventDate "2004.10.15"]
[EventType "team"]
[EventRounds "14"]
[EventCountry "ESP"]
[Source "lmi"]
[SourceDate "2004.10.27"]

1. d4 Nf6 2. Nf3 g6 3. g3 Bg7 4. c4 O-O 5. Bg2 d5 6. O-O dxc4 7. Na3 c3 8. bxc3
c5 9. Qb3 Nc6 10. Rd1 Na5 11. Qb2 Bf5 12. Ne5 Ne4 13. Be3 Qb6 14. Qxb6 axb6 15.
Bxe4 Bxe4 16. Nd7 cxd4 17. Bxd4 Bxd4 18. Rxd4 Rfd8 19. Rxe4 Rxd7 20. Nc4 Nxc4
1/2-1/2

[Event "Olimpiada Calviá 2004"]
[Site "Calviá ESP"]
[Date "2004.10.28"]
[Round "13.11"]
[White "Sorin, Ariel"]
[Black "Predojevic, Borki"]
[Result "1/2-1/2"]
[WhiteElo "2509"]
[BlackElo "2509"]
[PlyCount "42"]
[EventDate "2004.10.15"]
[EventType "team"]
[EventRounds "14"]
[EventCountry "ESP"]
[Source "lmi"]
[SourceDate "2004.10.27"]

1. d4 Nf6 2. c4 g6 3. Nc3 d5 4. Bg5 Ne4 5. Bh4 Nxc3 6. bxc3 dxc4 7. Qa4+ Qd7 8.
Qxc4 b6 9. Nf3 Ba6 10. Qb3 Bg7 11. e3 Bxf1 12. Rxf1 O-O 13. Ke2 Nc6 14. Rfd1
Na5 15. Qb4 Rfe8 16. Rac1 Rac8 17. Kf1 Qf5 18. c4 c5 19. Qa4 cxd4 20. exd4 Qe4
21. c5 Qc6 1/2-1/2

[Event "Olimpiada Calviá 2004"]
[Site "Calviá ESP"]
[Date "2004.10.28"]
[Round "13.12"]
[White "Nevednichy, Vladislav"]
[Black "Ftacnik, Lubomir"]
[Result "0-1"]
[WhiteElo "2552"]
[BlackElo "2533"]
[PlyCount "136"]
[EventDate "2004.10.15"]
[EventType "team"]
[EventRounds "14"]
[EventCountry "ESP"]
[Source "lmi"]
[SourceDate "2004.10.27"]

1. e4 c5 2. Nf3 d6 3. d4 cxd4 4. Nxd4 Nf6 5. Nc3 a6 6. a4 Nc6 7. Be2 e6 8. O-O
Be7 9. Kh1 Qc7 10. f4 O-O 11. Be3 Re8 12. Qd2 Bd7 13. Nb3 b6 14. Bf3 Bc8 15. e5
dxe5 16. fxe5 Nd7 17. Bf4 Rd8 18. Qf2 Bb7 19. Rae1 Nb4 20. Bxb7 Qxb7 21. Bh6 f5
22. exf6 Bxf6 23. Qg3 Rf8 24. Nd2 Kh8 25. Bg5 Nxc2 26. Rxe6 Nd4 27. Rd6 Bxg5
28. Qxg5 Nb3 29. Rxf8+ Rxf8 30. Nf3 Nf6 31. h3 Re8 32. Qh4 Nc5 33. Qd4 a5 34.
Nb5 Nfe4 35. Rd5 h6 36. Nd6 Nxd6 37. Rxd6 Kh7 38. Qh4 Qe7 39. Qxe7 Rxe7 40.
Rxb6 Nxa4 41. Rb5 Re2 42. b3 Nb2 43. Rxa5 Nd3 44. Nd4 Rd2 45. Ne6 Ne1 46. Nf4
g5 47. Ra7+ Kg8 48. Re7 Rd1 49. Kh2 gxf4 50. Re4 Nd3 51. Rd4 Kf7 52. b4 Ke6 53.
b5 Ke5 54. Rd8 Ke4 55. b6 Rb1 56. Re8+ Kd4 57. Rd8+ Ke4 58. Re8+ Ne5 59. Re6 h5
60. Rh6 Rb2 61. Kg1 f3 62. gxf3+ Nxf3+ 63. Kf1 Ke3 64. Re6+ Kf4 65. Rg6 h4 66.
Rf6+ Kg3 67. Rg6+ Kxh3 68. Rg7 Nh2+ 0-1

[Event "Olimpiada Calviá 2004"]
[Site "Calviá ESP"]
[Date "2004.10.28"]
[Round "13.12"]
[White "Lupulescu, Constantin"]
[Black "Timoscenko, Gennadij"]
[Result "1-0"]
[WhiteElo "2560"]
[BlackElo "2504"]
[PlyCount "59"]
[EventDate "2004.10.15"]
[EventType "team"]
[EventRounds "14"]
[EventCountry "ESP"]
[Source "lmi"]
[SourceDate "2004.10.27"]

1. e4 e5 2. Nf3 Nc6 3. Bb5 a6 4. Ba4 Nf6 5. O-O Be7 6. Re1 b5 7. Bb3 d6 8. c3
O-O 9. d4 Bg4 10. Be3 exd4 11. cxd4 Na5 12. Bc2 c5 13. dxc5 dxc5 14. Nc3 Nc4
15. e5 Bxf3 16. Qxd8 Bxd8 17. Bxc5 Re8 18. exf6 Bc6 19. Rxe8+ Bxe8 20. Nd5 Nxb2
21. Bd4 Nc4 22. fxg7 Bc6 23. Re1 Nd6 24. Re3 Bd7 25. h4 Be6 26. Nf4 Bxa2 27.
Bc5 Bc7 28. Nh5 Nc4 29. Bf8 Rxf8 30. Bxh7+ 1-0

[Event "Olimpiada Calviá 2004"]
[Site "Calviá ESP"]
[Date "2004.10.28"]
[Round "13.13"]
[White "Damljanovic, Branko"]
[Black "Torre, Eugenio"]
[Result "0-1"]
[WhiteElo "2578"]
[BlackElo "2518"]
[PlyCount "154"]
[EventDate "2004.10.15"]
[EventType "team"]
[EventRounds "14"]
[EventCountry "ESP"]
[Source "lmi"]
[SourceDate "2004.10.27"]

1. d4 d5 2. c4 c6 3. Nf3 Nf6 4. Nc3 dxc4 5. a4 Bf5 6. Nh4 Be6 7. e4 Na6 8. Be2
Nb4 9. O-O g6 10. f4 Qa5 11. Be3 Rd8 12. Kh1 Nd3 13. Bxd3 cxd3 14. Qxd3 Qh5 15.
Nf3 Bg7 16. Bg1 O-O 17. a5 Ne8 18. Ng5 Bg4 19. e5 Nc7 20. h3 Bf5 21. Qe3 Bh6
22. Bh2 Bxg5 23. fxg5 Be6 24. Bg1 Nd5 25. Nxd5 Bxd5 26. Kh2 h6 27. gxh6 Kh7 28.
Rf4 g5 29. Rf5 Rg8 30. Qg3 Be6 31. Rff1 Rg6 32. Be3 Rdg8 33. a6 b6 34. Rac1 Bd5
35. Rf5 Qxh6 36. Rcf1 R8g7 37. Bd2 Qh4 38. R1f2 Qxg3+ 39. Kxg3 Be6 40. Bb4 Bxf5
41. Rxf5 Re6 42. Kf3 Kg6 43. Kg4 f6 44. Be1 Rg8 45. g3 Rd8 46. Bc3 Rh8 47. Rf1
Rh7 48. Rf2 Rh8 49. Rf1 Rd8 50. Rf5 c5 51. dxc5 bxc5 52. h4 gxh4 53. gxh4 Rd1
54. h5+ Kf7 55. exf6 Rg1+ 56. Kh3 exf6 57. Rxc5 Rxa6 58. Rf5 Re6 59. Rc5 Re3+
60. Kh2 Rg5 61. Rc7+ Re7 62. Rc6 Rxh5+ 63. Kg3 Rf5 64. Ra6 Kg6 65. Bd4 Rg7 66.
Kg4 Rf1 67. Kh3 Kh5 68. Kh2 Rf5 69. Rxf6 Rxf6 70. Bxf6 Rg4 71. Kh3 a6 72. Be7
Rg6 73. Ba3 Kh6 74. Kh4 Kg7 75. Be7 Kf7 76. Bg5 Ke6 77. Kg4 Ke5 0-1

[Event "Olimpiada Calviá 2004"]
[Site "Calviá ESP"]
[Date "2004.10.28"]
[Round "13.13"]
[White "Antonio, Rogelio"]
[Black "Solak, Dragan"]
[Result "1/2-1/2"]
[WhiteElo "2524"]
[BlackElo "2563"]
[PlyCount "118"]
[EventDate "2004.10.15"]
[EventType "team"]
[EventRounds "14"]
[EventCountry "ESP"]
[Source "lmi"]
[SourceDate "2004.10.27"]

1. e4 d5 2. exd5 Qxd5 3. Nc3 Qa5 4. d4 c6 5. Bc4 Bf5 6. Nf3 Nf6 7. Bd2 e6 8.
Nd5 Qd8 9. Nxf6+ gxf6 10. Bc3 b5 11. Bd3 Qd5 12. Qe2 Bxd3 13. Qxd3 Nd7 14. O-O
Bd6 15. Rfe1 Nf8 16. Bd2 Ng6 17. b3 O-O 18. c4 Qh5 19. Qe4 Rac8 20. Rac1 bxc4
21. bxc4 Ne7 22. Rb1 Rb8 23. Rxb8 Rxb8 24. Bf4 Rd8 25. Bxd6 Rxd6 26. Qf4 Nf5
27. c5 Rd5 28. h3 Kg7 29. Re4 Qg6 30. Qc7 h5 31. Rxe6 Nxd4 32. Nxd4 Rxd4 33.
Re1 Rd2 34. Qxa7 Qf5 35. Rf1 Rc2 36. a4 Rxc5 37. Qb6 Rc2 38. Qb3 c5 39. a5 c4
40. Qa3 c3 41. Qb3 Qd3 42. Qb1 Rd2 43. Qxd3 Rxd3 44. Rc1 Rd5 45. Rxc3 Rxa5 46.
g3 Kg6 47. Rc4 Rb5 48. Kg2 Rb3 49. Rf4 Ra3 50. Rf3 Ra4 51. h4 Rb4 52. Re3 Ra4
53. Kf3 Rb4 54. Re4 Rb3+ 55. Kf4 Rb2 56. f3 f5 57. Ra4 Rb3 58. Ra6+ f6 59. Ra4
Rc3 1/2-1/2

[Event "Olimpiada Calviá 2004"]
[Site "Calviá ESP"]
[Date "2004.10.28"]
[Round "13.13"]
[White "Markus, Robert"]
[Black "Paragua, Mark"]
[Result "1-0"]
[WhiteElo "2555"]
[BlackElo "2534"]
[PlyCount "63"]
[EventDate "2004.10.15"]
[EventType "team"]
[EventRounds "14"]
[EventCountry "ESP"]
[Source "lmi"]
[SourceDate "2004.10.27"]

1. d4 Nf6 2. c4 g6 3. Nc3 Bg7 4. e4 d6 5. Nf3 O-O 6. Be2 e5 7. Be3 Nbd7 8. d5
Ng4 9. Bg5 f6 10. Bd2 f5 11. Ng5 Ndf6 12. exf5 gxf5 13. h3 Nh6 14. Qc2 f4 15.
Bd3 Nxd5 16. Nxd5 Qxg5 17. Nxc7 Rb8 18. g4 Qh4 19. Bxh7+ Kh8 20. Be4 Bd7 21.
Bc3 a6 22. c5 dxc5 23. O-O-O Bc8 24. Rhe1 b5 25. Bg6 Qg5 26. Rd5 Rb6 27. Bh5
Bf5 28. gxf5 Qxh5 29. Ne6 Rxf5 30. Nxg7 Kxg7 31. Rdxe5 Kf8 32. Qd3 1-0

[Event "Olimpiada Calviá 2004"]
[Site "Calviá ESP"]
[Date "2004.10.28"]
[Round "13.13"]
[White "Gonzales, Jayson"]
[Black "Kosic, Dragan"]
[Result "1-0"]
[WhiteElo "2422"]
[BlackElo "2519"]
[PlyCount "85"]
[EventDate "2004.10.15"]
[EventType "team"]
[EventRounds "14"]
[EventCountry "ESP"]
[Source "lmi"]
[SourceDate "2004.10.27"]

1. Nf3 d5 2. d4 Nf6 3. c4 e6 4. Nc3 Nbd7 5. Bg5 Be7 6. e3 O-O 7. Rc1 dxc4 8.
Bxc4 c5 9. O-O a6 10. Bd3 b5 11. a4 bxa4 12. Nxa4 cxd4 13. Nxd4 Bb7 14. Nb3 Ne5
15. Be2 Bd5 16. Bf4 Nfd7 17. Nbc5 Nxc5 18. Nxc5 Ng6 19. Bg3 Qa5 20. Qe1 Qa2 21.
b4 a5 22. e4 Bc6 23. b5 Bxc5 24. Rxc5 Bxe4 25. Bc4 Qa3 26. Rc7 Bd5 27. Bxd5
exd5 28. b6 d4 29. Qc1 Qb4 30. b7 Rad8 31. Qb1 f5 32. Qa2+ Kh8 33. Rb1 d3 34.
Rxb4 d2 35. Qxd2 Rxd2 36. Rb1 Rdd8 37. f3 a4 38. Rc4 f4 39. Bxf4 Nxf4 40. Rxf4
Rg8 41. Rxa4 Rb8 42. Rc4 Rgf8 43. Rc7 1-0

[Event "Olimpiada Calviá 2004"]
[Site "Calviá ESP"]
[Date "2004.10.28"]
[Round "13.14"]
[White "Van Wely, Loek"]
[Black "Agrest, Evgenij"]
[Result "1-0"]
[WhiteElo "2681"]
[BlackElo "2604"]
[PlyCount "89"]
[EventDate "2004.10.15"]
[EventType "team"]
[EventRounds "14"]
[EventCountry "ESP"]
[Source "lmi"]
[SourceDate "2004.10.27"]

1. d4 Nf6 2. c4 e6 3. Nc3 Bb4 4. Qc2 d6 5. Bd2 c5 6. dxc5 dxc5 7. Nf3 Nc6 8. e3
e5 9. Bd3 Bxc3 10. Bxc3 Qe7 11. O-O h6 12. a3 O-O 13. h3 a5 14. b3 Rd8 15. Be2
Ne8 16. Rfd1 Rxd1+ 17. Rxd1 e4 18. Nd2 Bf5 19. Nf1 b6 20. Ng3 Bg6 21. Bg4 Rd8
22. Rxd8 Qxd8 23. Bf5 Bxf5 24. Nxf5 Qd3 25. Qxd3 exd3 26. a4 f6 27. Kf1 Kf7 28.
Ke1 Ke6 29. e4 Nd6 30. Nxd6 Kxd6 31. Kd2 h5 32. f4 Ke7 33. f5 Kd6 34. Kxd3 Kd7
35. Ke3 Ke7 36. g3 Kd7 37. g4 hxg4 38. hxg4 Ke8 39. e5 Ke7 40. Ke4 Nd8 41. e6
Nb7 42. Kd5 Nd6 43. Bd2 g6 44. fxg6 Ne8 45. Bf4 1-0

[Event "Olimpiada Calviá 2004"]
[Site "Calviá ESP"]
[Date "2004.10.28"]
[Round "13.14"]
[White "Hillarp Persson, Tiger"]
[Black "Sokolov, Ivan"]
[Result "0-1"]
[WhiteElo "2523"]
[BlackElo "2663"]
[PlyCount "42"]
[EventDate "2004.10.15"]
[EventType "team"]
[EventRounds "14"]
[EventCountry "ESP"]
[Source "lmi"]
[SourceDate "2004.10.27"]

1. d4 d5 2. c4 c6 3. Nc3 Nf6 4. e3 a6 5. Nf3 e6 6. b3 Bb4 7. Bd2 O-O 8. Bd3 Qe7
9. O-O Nbd7 10. Re1 dxc4 11. bxc4 e5 12. Bc2 Rd8 13. Rb1 a5 14. h3 e4 15. Nh2
Nb6 16. c5 Nc4 17. Nxe4 Nxe4 18. Bxb4 axb4 19. Qd3 Ncd2 20. Rxb4 Rxa2 21. f3
Qh4 0-1

[Event "Olimpiada Calviá 2004"]
[Site "Calviá ESP"]
[Date "2004.10.28"]
[Round "13.15"]
[White "Morovic, Ivan"]
[Black "San Segundo, Carrillo Pablo"]
[Result "1/2-1/2"]
[WhiteElo "2564"]
[BlackElo "2516"]
[PlyCount "59"]
[EventDate "2004.10.15"]
[EventType "team"]
[EventRounds "14"]
[EventCountry "ESP"]
[Source "lmi"]
[SourceDate "2004.10.27"]

1. d4 Nf6 2. c4 e6 3. Nf3 b6 4. g3 Ba6 5. Qb3 Nc6 6. Nbd2 d5 7. Bg2 Bd6 8. O-O
O-O 9. Qa4 Bb7 10. cxd5 exd5 11. Nb1 Ne4 12. Nc3 Nxc3 13. bxc3 Na5 14. Nd2 Qe8
15. Qd1 Qc6 16. Bb2 Nc4 17. Nxc4 Qxc4 18. Re1 Rab8 19. e3 Qb5 20. Qb3 Qxb3 21.
axb3 a5 22. Ba3 Rfd8 23. Bxd6 Rxd6 24. Rec1 Kf8 25. Ra3 Ke7 26. b4 axb4 27.
cxb4 Rc6 28. Rb1 Kd6 29. Bf1 g6 30. Bd3 1/2-1/2

[Event "Olimpiada Calviá 2004"]
[Site "Calviá ESP"]
[Date "2004.10.28"]
[Round "13.15"]
[White "Moreno Carnero, Javier"]
[Black "Vasquez, Rodrigo"]
[Result "1/2-1/2"]
[WhiteElo "2512"]
[BlackElo "2546"]
[PlyCount "55"]
[EventDate "2004.10.15"]
[EventType "team"]
[EventRounds "14"]
[EventCountry "ESP"]
[Source "lmi"]
[SourceDate "2004.10.27"]

1. e4 c5 2. Nf3 Nc6 3. d4 cxd4 4. Nxd4 Nf6 5. Nc3 e5 6. Ndb5 d6 7. Nd5 Nxd5 8.
exd5 Ne7 9. c3 Nf5 10. a4 g6 11. Bd3 Bg7 12. O-O O-O 13. Qb3 Re8 14. Re1 b6 15.
a5 a6 16. axb6 Qxb6 17. Nd4 Qc7 18. Nc6 Ne7 19. Na5 Bd7 20. Bd2 Reb8 21. Qa2 f5
22. b4 Kh8 23. Rac1 Be8 24. c4 Bf7 25. Bc2 h6 26. Bb3 Rd8 27. Bc3 Bg8 28. Qa1
1/2-1/2

[Event "Olimpiada Calviá 2004"]
[Site "Calviá ESP"]
[Date "2004.10.28"]
[Round "13.15"]
[White "Castellanos, Renier"]
[Black "Herraiz Hidalgo, Herminio"]
[Result "1/2-1/2"]
[WhiteElo "2449"]
[BlackElo "2474"]
[PlyCount "59"]
[EventDate "2004.10.15"]
[EventType "team"]
[EventRounds "14"]
[EventCountry "ESP"]
[Source "lmi"]
[SourceDate "2004.10.27"]

1. e4 e6 2. d4 d5 3. Nc3 Nf6 4. Bg5 Bb4 5. e5 h6 6. Be3 Ne4 7. Qg4 g6 8. a3
Bxc3+ 9. bxc3 Nxc3 10. Bd3 Nc6 11. h4 Ne7 12. h5 g5 13. f3 c5 14. dxc5 Nc6 15.
Bd2 d4 16. f4 Qd5 17. Nf3 Bd7 18. O-O Ne4 19. Bxe4 Qxe4 20. Rae1 Qf5 21. Qxf5
exf5 22. fxg5 hxg5 23. Nxg5 Rxh5 24. e6 fxe6 25. Nxe6 Kf7 26. Ng5+ Kg6 27. Nh3
Rh4 28. Rb1 Nd8 29. Rf4 Rg4 30. Rb4 1/2-1/2

[Event "Olimpiada Calviá 2004"]
[Site "Calviá ESP"]
[Date "2004.10.28"]
[Round "13.16"]
[White "Wu, Shaobin"]
[Black "Del Rio Angelis, Salvador G"]
[Result "1-0"]
[WhiteElo "2504"]
[BlackElo "2491"]
[PlyCount "113"]
[EventDate "2004.10.15"]
[EventType "team"]
[EventRounds "14"]
[EventCountry "ESP"]
[Source "lmi"]
[SourceDate "2004.10.27"]

1. d4 e6 2. c4 Nf6 3. Nf3 b6 4. g3 Ba6 5. Qa4 Be7 6. Nc3 O-O 7. Bg2 c6 8. Ne5
Qe8 9. b4 d5 10. b5 cxb5 11. cxb5 Bb7 12. O-O a6 13. Qb3 Ne4 14. Nxe4 dxe4 15.
Qe3 Qxb5 16. Bxe4 Bxe4 17. Qxe4 Qd5 18. Qxd5 exd5 19. Bd2 f6 20. Nd3 Nc6 21. e3
Bd6 22. Rfc1 Rfc8 23. a4 Kf7 24. Rab1 Rab8 25. Rc2 Na7 26. Rxc8 Nxc8 27. Kf1
Rb7 28. Rc1 Ne7 29. Ke2 Rc7 30. Rxc7 Bxc7 31. Nb4 a5 32. Na2 f5 33. f3 Ke6 34.
Nc3 Nc8 35. Kd3 Na7 36. e4 dxe4+ 37. fxe4 fxe4+ 38. Kxe4 Bd6 39. d5+ Kd7 40.
Be3 Nc8 41. Nb5 Bc5 42. Bf4 Ne7 43. g4 Ng6 44. Bg3 Nh8 45. Be5 Nf7 46. Bxg7
Ng5+ 47. Kf5 Nf3 48. h3 Bf2 49. Bf6 Nd2 50. h4 Nc4 51. Bg5 Nb2 52. h5 Nxa4 53.
Bf6 Ke8 54. g5 Kf7 55. Nd6+ Kf8 56. Ne4 Be3 57. d6 1-0

[Event "Olimpiada Calviá 2004"]
[Site "Calviá ESP"]
[Date "2004.10.28"]
[Round "13.16"]
[White "Mascaro March, Pedro"]
[Black "Wong, Meng-Kong"]
[Result "1-0"]
[WhiteElo "2323"]
[BlackElo "2470"]
[PlyCount "137"]
[EventDate "2004.10.15"]
[EventType "team"]
[EventRounds "14"]
[EventCountry "ESP"]
[Source "lmi"]
[SourceDate "2004.10.27"]

1. d4 d5 2. c4 e6 3. Nf3 Nf6 4. g3 dxc4 5. Bg2 a6 6. O-O c5 7. dxc5 Qxd1 8.
Rxd1 Nc6 9. Nbd2 c3 10. Nb3 Nd7 11. bxc3 Nxc5 12. Be3 Na4 13. c4 Bd7 14. Ng5
Rc8 15. Nxf7 Rg8 16. Nd6+ Bxd6 17. Rxd6 Ne5 18. Bxb7 Nxc4 19. Bxc8 Nxd6 20.
Bxa6 Bb5 21. Bxb5+ Nxb5 22. Nc5 Nxc5 23. Bxc5 Kd7 24. a4 Nc3 25. Kf1 Ra8 26.
Bd4 Nxa4 27. Bxg7 Nb6 28. Rd1+ Ke7 29. Rd4 Rg8 30. Be5 Rg5 31. f4 Rg8 32. Rb4
Nd7 33. Rb7 Ra8 34. g4 Ra3 35. Kf2 Ke8 36. Bd4 Ra4 37. e3 Ra5 38. h4 Ke7 39. g5
Kd6 40. h5 e5 41. Rxd7+ Kxd7 42. Bxe5 Ke6 43. g6 hxg6 44. hxg6 Ra8 45. Kf3 Kf5
46. g7 Kg6 47. Kg4 Re8 48. f5+ Kf7 49. Kf4 Ra8 50. f6 Ra4+ 51. Kf5 Ra5 52. e4
Rb5 53. Kf4 Rb1 54. Bd4 Rb4 55. Ke5 Rb8 56. Bc5 Rd8 57. Bd6 Ra8 58. Kf5 Ra1 59.
e5 Rf1+ 60. Ke4 Rg1 61. Kd5 Rg2 62. Bc5 Rg3 63. Bd4 Rg5 64. Kd6 Kg8 65. e6 Rf5
66. f7+ Rxf7 67. exf7+ Kxf7 68. Ba1 Kg8 69. Ke7 1-0

[Event "Olimpiada Calviá 2004"]
[Site "Calviá ESP"]
[Date "2004.10.28"]
[Round "13.16"]
[White "Goh Koon-Jong, Jason"]
[Black "Pont Mulet, Antonio"]
[Result "1-0"]
[WhiteElo "2419"]
[BlackElo "2265"]
[PlyCount "39"]
[EventDate "2004.10.15"]
[EventType "team"]
[EventRounds "14"]
[EventCountry "ESP"]
[Source "lmi"]
[SourceDate "2004.10.27"]

1. d4 Nf6 2. c4 g6 3. Nc3 d5 4. Nf3 Bg7 5. Qb3 dxc4 6. Qxc4 O-O 7. e4 Nc6 8.
Be2 Nd7 9. Be3 Nb6 10. Qc5 Bg4 11. O-O-O Qd6 12. h3 Bxf3 13. gxf3 Rfd8 14. e5
Qd7 15. d5 Nxe5 16. f4 Qf5 17. fxe5 Qxe5 18. Rd2 Rd6 19. f4 Qf5 20. Bg4 1-0

[Event "Olimpiada Calviá 2004"]
[Site "Calviá ESP"]
[Date "2004.10.28"]
[Round "13.18"]
[White "Iordachescu, Viorel"]
[Black "Gonzalez Zamora, Juan Carlo"]
[Result "1-0"]
[WhiteElo "2632"]
[BlackElo "2524"]
[PlyCount "79"]
[EventDate "2004.10.15"]
[EventType "team"]
[EventRounds "14"]
[EventCountry "ESP"]
[Source "lmi"]
[SourceDate "2004.10.27"]

1. e4 c5 2. Nf3 e6 3. Nc3 a6 4. d4 cxd4 5. Nxd4 Qc7 6. Bd3 g6 7. f4 Bg7 8. Nf3
d6 9. O-O Nd7 10. Kh1 Ngf6 11. a4 b6 12. Qe1 Bb7 13. Bd2 O-O 14. Qh4 Rae8 15.
Rae1 Nc5 16. Ng5 h6 17. Nf3 d5 18. e5 Nfe4 19. Be3 f5 20. exf6 Rxf6 21. Ne5
Nxd3 22. cxd3 Nxc3 23. bxc3 Kh7 24. Bd4 Ref8 25. Rf3 h5 26. h3 Bh6 27. Ref1 Rf5
28. g4 Rxe5 29. fxe5 Rxf3 30. Rxf3 Bc6 31. gxh5 g5 32. Qg4 Be8 33. Qxe6 Bxh5
34. Rf6 Qg7 35. Qf5+ Bg6 36. Qf3 b5 37. axb5 axb5 38. e6 Qe7 39. Qxd5 Bg7 40.
Qd7 1-0

[Event "Olimpiada Calviá 2004"]
[Site "Calviá ESP"]
[Date "2004.10.28"]
[Round "13.18"]
[White "Espinosa, Rafael"]
[Black "Svetushkin, Dmitry"]
[Result "1-0"]
[WhiteElo "2412"]
[BlackElo "2568"]
[PlyCount "57"]
[EventDate "2004.10.15"]
[EventType "team"]
[EventRounds "14"]
[EventCountry "ESP"]
[Source "lmi"]
[SourceDate "2004.10.27"]

1. e4 g6 2. d4 Bg7 3. Nc3 c6 4. Nf3 d6 5. a4 Nf6 6. e5 dxe5 7. Nxe5 Nbd7 8. Be2
Qa5 9. Nc4 Qc7 10. O-O Nd5 11. Nxd5 cxd5 12. Ne3 Nf6 13. Bb5+ Bd7 14. Qf3 a6
15. Bd3 Bc6 16. Re1 Qd7 17. a5 Bb5 18. Bxb5 Qxb5 19. Qe2 Qd7 20. c3 O-O 21. Nc2
Ne8 22. Nb4 Nc7 23. h3 Qf5 24. g4 Qc8 25. Bf4 e6 26. f3 Qd8 27. Be5 Qd7 28.
Bxg7 Kxg7 29. Nd3 1-0

[Event "Olimpiada Calviá 2004"]
[Site "Calviá ESP"]
[Date "2004.10.28"]
[Round "13.18"]
[White "Khruschiov, Alexey"]
[Black "Escobedo Tinajero, Alberto"]
[Result "1-0"]
[WhiteElo "2440"]
[BlackElo "2386"]
[PlyCount "95"]
[EventDate "2004.10.15"]
[EventType "team"]
[EventRounds "14"]
[EventCountry "ESP"]
[Source "lmi"]
[SourceDate "2004.10.27"]

1. e4 c6 2. d4 d5 3. Nc3 dxe4 4. Nxe4 Nd7 5. Ng5 Ngf6 6. Bd3 e6 7. N1f3 Bd6 8.
Qe2 h6 9. Ne4 Nxe4 10. Qxe4 Nf6 11. Qe2 Qc7 12. Bd2 b6 13. O-O-O Bb7 14. Ne5 c5
15. Bb5+ Ke7 16. dxc5 Qxc5 17. a3 Qc7 18. Bf4 Nd5 19. Bg3 Rhd8 20. Rd4 Kf8 21.
Kb1 a6 22. Rc4 Qe7 23. Nc6 Bxc6 24. Bxc6 Ra7 25. Bxd5 exd5 26. Bxd6 Qxd6 27.
Rd4 b5 28. g3 Rad7 29. Rhd1 Qe6 30. Qd3 Kg8 31. f4 Rd6 32. f5 Qe5 33. h4 h5 34.
Qf3 g6 35. fxg6 fxg6 36. g4 hxg4 37. Rxg4 Rf8 38. Qg2 Kh7 39. Rg1 Qf5 40. h5
Rff6 41. Qh3 g5 42. Qe3 Rc6 43. Rxg5 Qxc2+ 44. Ka1 Rf7 45. Qe8 Rcf6 46. Qg8+
Kh6 47. Rg6+ Rxg6 48. hxg6 1-0

[Event "Olimpiada Calviá 2004"]
[Site "Calviá ESP"]
[Date "2004.10.28"]
[Round "13.20"]
[White "Lane, Gary W"]
[Black "Short, Nigel D"]
[Result "1-0"]
[WhiteElo "2442"]
[BlackElo "2687"]
[PlyCount "92"]
[EventDate "2004.10.15"]
[EventType "team"]
[EventRounds "14"]
[EventCountry "ESP"]
[Source "lmi"]
[SourceDate "2004.10.27"]

1. e4 e6 2. d4 d5 3. Nd2 h6 4. c3 c5 5. Ngf3 Nf6 6. exd5 Nxd5 7. Nb3 Nd7 8. Bd3
Qc7 9. Bc2 b6 10. O-O Bb7 11. Re1 Be7 12. Ne5 Nxe5 13. dxe5 O-O-O 14. Qg4 h5
15. Qc4 g5 16. a4 a6 17. Bd2 Kb8 18. Rad1 g4 19. Nc1 Rdg8 20. Be4 h4 21. Nd3 g3
22. h3 gxf2+ 23. Nxf2 Qxe5 24. Bxd5 Bxd5 25. Qxd5 Qxd5 26. Bf4+ Bd6 27. Bxd6+
Kc8 28. Rxd5 exd5 29. Re7 Rh6 30. Bf4 Rhg6 31. g4 hxg3 32. Ng4 R8g7 33. Kg2 d4
34. cxd4 cxd4 35. Be5 d3 36. Rc7+ Kd8 37. Rc3 Rxg4 38. Rxd3+ Ke7 39. hxg4 Rxg4
40. Rd4 Rg5 41. Bf4 Rg6 42. Bxg3 a5 43. b3 Rc6 44. Re4+ Kd7 45. Kf3 Rf6+ 46.
Bf4 Rc6 1-0